000
002790000a22001090004500
100
1
_a
Graef, Nyomi
245
1
0
_a
Preparación de materiales para la traducción
300
_a
Vol.0, núm.62 (Mayo, 2005), Página 16
700
1
_a
James, Ross
773
0
_t
Paso a paso
942
_c
ANA
999
_c
60533
_d
60533